LEADER 06338nam 2200757 450 001 9910145957703321 005 20221206174736.0 010 $a1-282-11283-X 010 $a9786612112836 010 $a0-470-40368-3 010 $a0-470-40367-5 024 7 $a10.1002/9780470403686 035 $a(CKB)1000000000719478 035 $a(EBL)427627 035 $a(SSID)ssj0000145963 035 $a(PQKBManifestationID)11164938 035 $a(PQKBTitleCode)TC0000145963 035 $a(PQKBWorkID)10182949 035 $a(PQKB)10787782 035 $a(MiAaPQ)EBC427627 035 $a(CaBNVSL)mat08039874 035 $a(IDAMS)0b00006485f0ddb6 035 $a(IEEE)8039874 035 $a(PPN)26060478X 035 $a(OCoLC)352828450 035 $a(EXLCZ)991000000000719478 100 $a20171024d2008 uy 101 0 $aeng 135 $aur|n|---||||| 181 $ctxt 182 $cc 183 $acr 200 00$aEmerging wireless LANs, wireless PANs, and wireless MANs $eIEEE 802.11, IEEE 802.15, IEEE 802.16 wireless standard family /$fedited by Yang Xiao, Yi Pan 210 1$aHoboken, New Jersey :$cWiley,$dc2009. 210 2$a[Piscataqay, New Jersey] :$cIEEE Xplore,$d[2008] 215 $a1 online resource (648 p.) 225 1 $aWiley series on parallel and distributed computing ;$v57 300 $aDescription based upon print version of record. 311 $a0-471-72069-0 320 $aIncludes bibliographical references and index. 327 $aPREFACE -- CONTRIBUTORS -- PART I: IEEE 802.11 WIRELESS LANs -- Chapter 1 IEEE 802.11 Medium Access Control and Physical Layers (Kaveh Ghaboosi, Matti Latva-aho, and Yang Xiao) -- Chapter 2 Framework for Decentralized Wireless LAN Resource Management (Jiang Xie, Ivan Howitt, and Anita Raja) -- Chapter 3 Incentive Issues in IEEE 802.11x Wireless Networks (Yu-Kwong Kwok) -- Chapter 4 Capacity and Rate Adaptation in IEEE 802.11 Wireless LANs (Ming Li and Yang Xiao) -- PART II IEEE 802.15.1 BLUETOOTH AND IEEE 802.15.2 -- Chapter 5 Overview of IEEE 802.15.1 Medium Access Control and Physical Layers (Kaveh Ghaboosi, Yang Xiao, and Jeff J. Robertson) -- Chapter 6 Overview of IEEE 802.15.2: Coexistence of Wireless Personal Area Networks with Other Unlicensed Frequency Bands Operating Wireless Devices (Kaveh Ghaboosi, Yang Xiao, Matti Latva-aho, and Babak H. Khalaj) -- Chapter 7 Coexistence of Bluetooth Piconets and Wireless LAN (Jingli Li and Xiangqian Liu) -- PART III IEEE 802.15.3 WIRELESS PANs -- Chapter 8 Frame Format, Channel Access, and Piconet Operation of IEEE 802.15.3 Wireless PANs (Yang Xiao, Michael J. Plyler, Bo Sun, and Yi Pan) -- Chapter 9 Power Management and Security of IEEE 802.15.3 Wireless PANs (Yang Xiao, Michael J. Plyler, Bo Sun, and Yi Pan) -- Chapter 10 Performance Evaluation and Optimization of IEEE 802.15.3 Piconets (Zhanping Yin and Victor C. M. Leung) -- Chapter 11 Performance Analysis of MB-OFDM UWB Systems (Chris Snow, Lutz Lampe, and Robert Schoberg) -- Chapter 12 Distributed Solution for Resource Allocation in Ultra-Wideband Wireless PANs (Hai Jiang, Kuang-Hao Liu, Weihua Zhuang, and Xuemin (Sherman) Shen) -- PART IV IEEE 802.15.4 AND 802.15.5 WIRELESS PANs -- Chapter 13 IEEE 802.15.4 Medium Access Control and Physical Layers (Yang Xiao, Michael J. Plyler, Ming Li, and Fei Hu) -- Chapter 14 Performance Analysis for IEEE 802.15.4 Wireless Personal Area Networks (Hsueh-Wen Tseng, Yu-Kai Huang, and Ai-Chun Pang) -- Chapter 15 Data Transmission and Beacon Scheduling in Low Rate Wireless Mesh Personal Area Networks (Jianliang Zheng). 327 $aChapter 16 Impact of Reliable and Secure Sensing on Cluster Lifetime in IEEE 802.15.4 Networks (Jelena Misic) -- Chapter 17 IEEE 802.15.5: Recommended Practice for WPAN Mesh Network (Low Data Rate) (Chunhui Zhu and Myung J. Lee) -- Chapter 18 Power-Saving Algorithms on IEEE 802.15.4 for Wireless Sensor Networks (Tae Rim Park and Myung J. Lee) -- PART V IEEE 802.16 WIRELESS MANs -- Chapter 19 IEEE 802.16 Medium Access Control and Physical Layers (Yang Xiao, Michael J. Plyler, Tianji Li, and Fei Hu) -- Chapter 20 QoS Support for WiMAX (Usman A. Ali, Qiang Ni, Yang Xiao, Wenbing Yao, and Dionysios Skordoulis) -- Chapter 21 Subchannel Allocation and Connection Admission Control in OFDMA-Based IEEE 802.16/WiMAX-Compliant Infrastructure Wireless Mesh Networks (Dusit Niyato and Ekram Hossain) -- Chapter 22 Universal Authentication and Billing Architecture for Wireless MANs (Xiaodong Lin, Haojin Zhu, Minghui Shi, Rongxing Lu, Pin-Han Ho, and Xuemin (Sherman) Shen) -- Chapter 23 Scheduling Algorithms for WiMAX Networks: Simulator Development and Performance Study (Sai Suhas Kolukula, M. Sai Rupak, K. S. Sridharan, and Krishna M. Sivalingam) -- INDEX -- ABOUT THE EDITORS. 330 $aA thoroughly up-to-date resource on IEEE 802 wireless standards Readers can turn to this book for complete coverage of the current and emerging IEEE 802 wireless standards/drafts, including: . 802.11 Wireless LANs . 802.15.1 Bluetooth and 801.15.2 . 802.15.3 Wireless PANs . 802.15.4 and 802.15.5 Wireless PANs . 802.16 Wireless MANs Emerging Wireless LANs, Wireless PANs, and Wireless MANs is a unique, convenient resource for engineers, scientists, and researchers in academia and industry. It also serves as a valuable textbook for related courses at the upper-undergraduate and graduate levels. 410 0$aWiley series on parallel and distributed computing. 606 $aIEEE 802.11 (Standard) 606 $aIEEE 802.16 (Standard) 606 $aWireless LANs$xStandards 606 $aPersonal communication service systems$xStandards 606 $aWireless metropolitan area networks$xStandards 615 0$aIEEE 802.11 (Standard) 615 0$aIEEE 802.16 (Standard) 615 0$aWireless LANs$xStandards. 615 0$aPersonal communication service systems$xStandards. 615 0$aWireless metropolitan area networks$xStandards. 676 $a004.6/8 676 $a004.68 676 $a621.384 701 $aXiao$b Yang$f1966-$0875841 701 $aPan$b Yi$f1960-$0895857 801 0$bCaBNVSL 801 1$bCaBNVSL 801 2$bCaBNVSL 906 $aBOOK 912 $a9910145957703321 996 $aEmerging wireless LANs, wireless PANs, and wireless MANs$92286748 997 $aUNINA LEADER 03067nam 2200577 450 001 9910796591203321 005 20230809225908.0 010 $a0-271-08076-0 010 $a0-271-08078-7 024 7 $a10.1515/9780271080789 035 $a(CKB)3840000000329116 035 $a(OCoLC)1080549900 035 $a(MdBmJHUP)muse68719 035 $a(MiAaPQ)EBC6224781 035 $a(DE-B1597)584390 035 $a(DE-B1597)9780271080789 035 $a(EXLCZ)993840000000329116 100 $a20201001d2017 uy 0 101 0 $aeng 135 $aur|||||||nn|n 181 $ctxt$2rdacontent 182 $cc$2rdamedia 183 $acr$2rdacarrier 200 00$aPerforming animals $ehistory, agency, theater /$fedited by Karen Raber and Monica Mattfeld 210 1$aUniversity Park, Pennsylvania :$cPennsylvania State University Press,$d[2017] 210 4$dİ2017 215 $a1 online resource (viii, 195 pages :)$cillustrations ; 225 1 $aAnimalibus: of animals and cultures ;$vVolume 11 311 $a0-271-07834-0 320 $aIncludes bibliographical references (pages [175]-188) and index. 327 $aAnimals at the table : performing meat in early modern England and Europe / Karen Raber -- Intra-active performativity : rethinking the early modern equestrian portrait / Pia F. Cuneo -- Past performances : gleanings from the archives about early modern equine athletic performance / Richard Nash -- "I see them galloping!" : war, affect, and performing horses in Matthew Lewis's Timour the Tartar / Monica Mattfeld -- Peaceable kingdom : the place of the dog at the nativity scene / Rob Wakeman -- Performing pain : the suffering animal in early modern experiment / Sarah E. Parker -- Circus minimus : the early modern theater of insects / Jessica Wolfe -- Shakespeare's insect theater : fairy lore as Elizabethan folk entomology / Todd Andrew Borlik -- Miss Mazeppa and the horse with no name / Kari Weil -- Horses queer the stage and society of Shenandoah / Kim Marra. 330 $a"A collection of essays that explore the role of performing animals in literature, theater, art, and other media prior to the twentieth century, and discuss recent theoretical work in animal studies, materialism, and post humanism"--Provided by publisher. 410 0$aAnimalibus ;$vVolume 11. 606 $aHuman-animal relationships in the performing arts$xHistory 606 $aEquestrian drama$xHistory 606 $aAnimals in the performing arts$xHistory 606 $aAnimals as represented on the stage$xHistory 615 0$aHuman-animal relationships in the performing arts$xHistory. 615 0$aEquestrian drama$xHistory. 615 0$aAnimals in the performing arts$xHistory. 615 0$aAnimals as represented on the stage$xHistory. 676 $a791.8 702 $aRaber$b Karen$f1961- 702 $aMattfeld$b Monica$f1982- 801 0$bMiAaPQ 801 1$bMiAaPQ 801 2$bMiAaPQ 906 $aBOOK 912 $a9910796591203321 996 $aPerforming animals$93782064 997 $aUNINA